000 00544nam a2200205Ia 4500
003 GCL
008 140319s9999 xx 000 0 eng d
040 _aGCL /
_cGCL
082 0 4 _a338.90068
_bP W
100 1 _aTHE WORLD BANK
245 1 0 _aLOVERTY REDUCTION HANBOOK /
_cTHE WORLD BANK
260 _a[S.N] :
_bTHE WORLD BANK ،
_c1992
300 _a317P
650 0 4 _aتقوية الذاكرة
650 0 4 _aEVALUATION
650 0 4 _aPOOR
650 0 4 _aECONOMIC DEVELOPMENT PROJECTS
650 0 4 _aDEVELOPING COUNTRIES
942 _2ddc
_cBK
999 _c12368
_d12368